[Event "FRA-ch Railways-A"]
[Site "St Mandrier"]
[Date "2015.04.07"]
[Round "4"]
[White "Holler, Christophe"]
[Black "Gering, Sandrine"]
[Result "1-0"]
[WhiteElo "1841"]
[BlackElo "1710"]
[PlyCount "75"]
[EventDate "2015.04.07"]
[EventType "swiss"]
[EventRounds "7"]
[EventCountry "FRA"]
[SourceTitle "EXT 2016"]
[Source "ChessBase"]
[SourceDate "2015.10.08"]
[SourceVersion "1"]
[SourceVersionDate "2015.10.08"]
[SourceQuality "1"]

1. e4 e5 2. Nf3 Nc6 3. Bb5 Nge7 4. d4 exd4 5. Nxd4 g6 6. 0-0 Bg7 7. c3 h6 8. Be3 0-0 9. f4 f5 10. e5 Nxd4 11. cxd4 d6 12. Qb3+ Kh7 13. Nc3 c6 14. Be2 d5 15. Rad1 b5 16. a4 a6 17. axb5 axb5 18. Ra1 Be6 19. Qb4 Qd7 20. Ra5 Ra7 21. Rxa7 Qxa7 22. Rc1 Ra8 23. Nb1 Qd7 24. Bd1 Bf8 25. Qc3 Ra6 26. Nd2 Nc8 27. Nb3 Kg8 28. Nc5 Bxc5 29. Qxc5 Qb7 30. h4 Bd7 31. Bf3 Qb6 32. Qc2 Ra2 33. Kh2 Ne7 34. Qf2 Qa5 35. h5 Kh7 36. Qh4 Qd8 37. hxg6+ Kxg6 38. Bh5+ 1-0

[Event "FRA-ch Railways-A"]
[Site "St Mandrier"]
[Date "2015.04.07"]
[Round "3"]
[White "Schaub, Marc"]
[Black "Holler, Christophe"]
[Result "1-0"]
[WhiteElo "1949"]
[BlackElo "1841"]
[PlyCount "73"]
[EventDate "2015.04.07"]
[EventType "swiss"]
[EventRounds "7"]
[EventCountry "FRA"]
[SourceTitle "EXT 2016"]
[Source "ChessBase"]
[SourceDate "2015.10.08"]
[SourceVersion "1"]
[SourceVersionDate "2015.10.08"]
[SourceQuality "1"]

1. d4 Nf6 2. c4 g6 3. Nc3 Bg7 4. e4 d6 5. Nf3 Bg4 6. h3 Bxf3 7. Qxf3 Nbd7 8. Be3 e5 9. d5 0-0 10. Bd3 c6 11. b4 cxd5 12. cxd5 Nb6 13. 0-0 Nfd7 14. Qe2 Qe7 15. Rab1 Rac8 16. Rfc1 f5 17. f3 fxe4 18. fxe4 a6 19. a4 Rc7 20. a5 Rfc8 21. Bd2 Nc4 22. Bxc4 Rxc4 23. b5 Nf6 24. bxa6 bxa6 25. Rb6 Nxe4 26. Nxe4 Rxc1+ 27. Bxc1 Rxc1+ 28. Kh2 Bh6 29. Rxd6 Qa7 30. Nf6+ Kh8 31. Rd8+ Bf8 32. Qxe5 Qg1+ 33. Kg3 Qe1+ 34. Qxe1 Rxe1 35. Rxf8+ Kg7 36. Re8 Rd1 37. Re6 1-0

[Event "France Railways-ch"]
[Site "Montdidier"]
[Date "2014.09.01"]
[Round "3"]
[White "Holler, Christophe"]
[Black "Nefzaoui, Rabah"]
[Result "1/2-1/2"]
[WhiteElo "1867"]
[BlackElo "1794"]
[PlyCount "42"]
[EventDate "2014.09.??"]
[EventType "swiss"]
[EventRounds "5"]
[EventCountry "FRA"]
[SourceTitle "EXT 2015"]
[Source "ChessBase"]
[SourceDate "2014.11.20"]
[SourceVersion "1"]
[SourceVersionDate "2014.11.20"]
[SourceQuality "1"]

1. e4 c5 2. c3 e5 3. Nf3 d6 4. d4 exd4 5. cxd4 Nd7 6. Nc3 Ne7 7. Bg5 Qb6 8. Qd2 f6 9. Be3 g6 10. Bc4 Qb4 11. Bd3 Nb6 12. a3 Qa5 13. Bc2 Bd7 14. 0-0 0-0-0 15. b4 cxb4 16. axb4 Qh5 17. Rfc1 Kb8 18. d5 Nec8 19. Bb3 Bg7 20. Qc2 f5 21. Nd4 f4 1/2-1/2